00502nam a2200157 a 450000100060000000300090000600800410001502000150005604000280007108200180009910000170011724501370013426000420027130000080031365000230032113903CO-ViMGA141112s2004 ck r 000 u spa d a842550886X aCO-ViMGAbspacCO-ViMGA04a796.352 J126g1 aJacobs, John10aGolf con John Jacobs : blecciones del mas prestigioso instrutor del mundo sobre el equipo, tecnica, golpes y correccion de defectos aBarcelona : bHispano Europea, c1991 a11114aGOLF - ENSEÑANZA